000
00326nam a22001457a 4500
008
210311b ||||| |||| 00| 0 eng d
020
_a
9780205359141
041
_a
eng
080
_2
12th
_a
159.9
082
_2
12th
_a
159.9
100
_a
49
101
_a
PSI
245
_a
Abnormal Psychology
_c
Butcher,N.J
942
_2
udc
_c
BK
999
_c
56385
_d
56385